| 000 | 00846nas a2200289 4500 | ||
|---|---|---|---|
| 001 | BR9213835 | ||
| 003 | BR-BrBNA | ||
| 005 | 20231205095129.0 | ||
| 007 | ta | ||
| 008 | 230509b bl.|||p| |||| 00| 00por d | ||
| 040 |
_aBR-BrBNA _bpor _cBiblioteca Nacional de Agricultura |
||
| 041 | _a(Pt) | ||
| 072 | _aL02; L01 | ||
| 100 | 1 | _aSouza, R.N.G. de | |
| 100 | 1 | _aDeodato, A. de P. | |
| 100 | 1 | _aCastro, A.G.M. de | |
| 100 | 1 | _aSilva, P.C. da | |
| 245 | 1 | _aSistema combinado cama e gaiola na criacao de frangos | |
| 650 | _aFrango | ||
| 650 | _aProducao Animal | ||
| 650 | _aGaiola | ||
| 650 | _aCama de Galinheiro | ||
| 650 | _aNutricao Animal | ||
| 773 | 0 |
_tBoletim de Industria Animal (Brazil) _xISSN 0067-9615 _g(Jul-Dec 1987), v. 44(2) p. 229-248 _wBR9213835 |
|
| 909 |
_a202311 _bLúcia _c55 _dLúcia Elande |
||
| 942 |
_2AGRIS _n0 _cANA |
||
| 999 |
_c148834 _d148834 |
||